[Event "Titled Tue 1st Jul Late"]
[Site "chess.com INT"]
[Date "2025.07.01"]
[Round "11"]
[White "Cernov, Henrik"]
[Black "Foldes, Marton Gabor"]
[Result "1/2-1/2"]
[WhiteTitle "FM"]
[BlackTitle "FM"]
[WhiteElo "2325"]
[BlackElo "2295"]
[WhiteFideId "16258312"]
[BlackFideId "794708"]
[EventDate "2025.07.01"]

1. e4 Nf6 2. Nc3 d5 3. exd5 Nxd5 4. Bc4 Nb6 5. Be2 Nc6 6. Nf3 e5 7. d3 Be7 8.
O-O O-O 9. Be3 Be6 10. d4 exd4 11. Nxd4 Nxd4 12. Bxd4 Bf6 13. Bxf6 Qxf6 14. Bf3
Rad8 15. Qc1 c6 16. Ne4 Qe5 17. Re1 Bf5 18. Ng3 Qf6 19. c3 Bg6 20. Be4 Rfe8 21.
Bxg6 hxg6 22. h3 Nc4 23. Rxe8+ Rxe8 24. Qc2 Rd8 25. Ne4 Qf5 26. Rc1 Re8 27. Re1
Nd6 28. f3 Nxe4 29. Rxe4 Rxe4 30. fxe4 Qf4 31. Qe2 g5 32. e5 Kf8 33. e6 fxe6 34.
Qxe6 Qc1+ 35. Kh2 Qxb2 36. Qf5+ Kg8 37. Qc8+ Kf7 38. Qf5+ Kg8 39. Qc8+ Kh7 40.
Qf5+ Kh6 41. Qe6+ Kh7 42. Qf5+ Kh8 43. Qf8+ Kh7 44. Qf5+ 1/2-1/2

[Event "Titled Tue 1st Jul Late"]
[Site "chess.com INT"]
[Date "2025.07.01"]
[Round "11"]
[White "Nguyen, Ngoc Truong Son"]
[Black "Niemann, Hans Moke"]
[Result "1-0"]
[WhiteTitle "GM"]
[BlackTitle "GM"]
[WhiteElo "2600"]
[BlackElo "2736"]
[WhiteFideId "12401110"]
[BlackFideId "2093596"]
[EventDate "2025.07.01"]

1. e4 e5 2. Nf3 Nc6 3. Nc3 Nf6 4. d4 exd4 5. Nxd4 Bb4 6. Nxc6 bxc6 7. Bd3 O-O 8.
O-O Re8 9. Bg5 h6 10. Bh4 g5 11. Bg3 Bxc3 12. bxc3 Nxe4 13. Qh5 d5 14. Qxh6 Re6
15. Qh5 Kg7 16. f4 Rh6 17. Qe2 Nxg3 18. hxg3 Qf6 19. Qe8 g4 20. Rae1 Rh8 21. Qe7
Be6 22. Qxc7 Qxc3 23. Rxe6 Qd4+ 24. Rf2 Rae8 25. Qe5+ Qxe5 26. Rxe5 1-0

[Event "Titled Tue 1st Jul Late"]
[Site "chess.com INT"]
[Date "2025.07.01"]
[Round "11"]
[White "Wu, Derek"]
[Black "Brancaleoni, Maurizio"]
[Result "1-0"]
[WhiteTitle "FM"]
[BlackTitle "FM"]
[WhiteElo "2232"]
[BlackElo "2185"]
[WhiteFideId "30914558"]
[BlackFideId "803022"]
[EventDate "2025.07.01"]

1. d4 Nf6 2. c4 b6 3. Nc3 Bb7 4. Qc2 d5 5. cxd5 Nxd5 6. e4 Nxc3 7. bxc3 e6 8.
Nf3 Be7 9. Bb5+ c6 10. Bd3 O-O 11. O-O c5 12. a4 Qc8 13. Qe2 Ba6 14. Bb5 Bxb5
15. axb5 cxd4 16. cxd4 a5 17. bxa6 Rxa6 18. Rb1 Rd8 19. Bf4 Nc6 20. Rfc1 Ra3 21.
Rxb6 Rxf3 22. Qxf3 Nxd4 23. Rxc8 Nxf3+ 24. gxf3 Rxc8 25. Kg2 h6 26. Be3 e5 27.
Rb5 Bf6 28. Kg3 Re8 29. Kg4 Kh7 30. Kf5 Re6 31. Rb7 g6+ 32. Kg4 Kg7 33. Rb8 Bg5
34. Bxg5 hxg5 35. Kxg5 Re7 36. Rb6 Rd7 37. Kg4 Rd2 38. Kg3 Rd1 39. Kg2 Rd7 40.
Rb5 f6 41. Rd5 g5 42. Rxd7+ Kg6 43. Kg3 Kh5 44. Kh3 f5 45. exf5 g4+ 46. fxg4+
Kg5 47. Kg3 e4 48. Rd6 e3 49. h4# 1-0

[Event "Titled Tue 1st Jul Late"]
[Site "chess.com INT"]
[Date "2025.07.01"]
[Round "11"]
[White "Montano Vicente, Guadalupe"]
[Black "Kurpiewski, Slawomir"]
[Result "1/2-1/2"]
[BlackTitle "CM"]
[WhiteElo "1938"]
[BlackElo "1973"]
[WhiteFideId "5181399"]
[BlackFideId "1114530"]
[EventDate "2025.07.01"]

1. d4 f5 2. e4 fxe4 3. Nc3 Nf6 4. Bg5 c6 5. f3 d5 6. fxe4 dxe4 7. Bxf6 exf6 8.
Nxe4 Qe7 9. Qe2 f5 10. Nd6+ Kd8 11. Qxe7+ Kxe7 12. Nxc8+ Kd7 13. Bd3 Kxc8 14.
Bxf5+ Kc7 15. Nf3 g6 16. Bd3 Bg7 17. O-O-O Nd7 18. Rhe1 Rae8 19. c3 b5 20. Kc2
a5 21. Rxe8 Rxe8 22. Re1 Rxe1 23. Nxe1 Kd6 24. Be4 c5 25. dxc5+ Nxc5 26. Bf3 Be5
27. h3 Bg3 28. Nd3 Nxd3 29. Kxd3 Kc5 30. b3 h5 31. a3 b4 32. cxb4+ axb4 33. a4
h4 34. Ke4 g5 35. Be2 Bc7 36. Bc4 Bf4 37. Kf5 Kb6 38. Ke6 Ka5 39. Kd5 Bd2 40.
Kc6 Bf4 41. Be2 Bd2 42. Kc5 Bf4 43. Kc4 Be3 44. Bf3 Bf4 45. Bd5 Be3 46. Bf3 Bf4
47. Bg4 Be3 48. Bf3 1/2-1/2

[Event "Titled Tue 1st Jul Late"]
[Site "chess.com INT"]
[Date "2025.07.01"]
[Round "11"]
[White "Craciun, Sasha-Matei"]
[Black "Grutter, Tim"]
[Result "1-0"]
[WhiteTitle "FM"]
[BlackTitle "IM"]
[WhiteElo "2320"]
[BlackElo "2404"]
[WhiteFideId "1281186"]
[BlackFideId "1057472"]
[EventDate "2025.07.01"]

1. e4 c5 2. Nf3 g6 3. d4 cxd4 4. Nxd4 Nc6 5. Nc3 Bg7 6. Be3 Nf6 7. Bc4 O-O 8. f3
d6 9. Qd2 Qa5 10. O-O-O Bd7 11. Kb1 Rfc8 12. Bb3 Ne5 13. h4 Nc4 14. Bxc4 Rxc4
15. Nb3 Qc7 16. g4 a5 17. g5 Nh5 18. Nd5 Qd8 19. Nb6 a4 20. Nxc4 axb3 21. cxb3
b5 22. Nb6 Ra6 23. Nxd7 Qxd7 24. Bd4 Ng3 25. Rh2 Bxd4 26. Qxd4 Rc6 27. a3 Qe6
28. Qd5 Qc8 29. Rg2 Nh5 30. Qd2 e5 31. Rgg1 Nf4 32. Rc1 Rxc1+ 33. Rxc1 Qh3 34.
Qxd6 Ne2 35. Qd8+ Kg7 36. Rd1 Qxf3 37. Qf6+ Qxf6 38. gxf6+ Kxf6 39. a4 Nd4 40.
a5 Ke6 41. Rxd4 1-0

[Event "Titled Tue 1st Jul Late"]
[Site "chess.com INT"]
[Date "2025.07.01"]
[Round "11"]
[White "Liu, Zachary Hankun"]
[Black "Shuvalov, Evgenij"]
[Result "1-0"]
[WhiteElo "2067"]
[BlackElo "1986"]
[WhiteFideId "2640287"]
[BlackFideId "4187237"]
[EventDate "2025.07.01"]

1. c4 Nf6 2. g3 c6 3. Bg2 d5 4. Nf3 g6 5. b3 Bg7 6. Bb2 O-O 7. O-O Re8 8. d4 Ne4
9. Nc3 Bf5 10. e3 Nd7 11. Nh4 Nxc3 12. Bxc3 Be6 13. Nf3 dxc4 14. e4 Nc5 15. Qe2
cxb3 16. axb3 Nxb3 17. Rad1 a5 18. d5 cxd5 19. exd5 Bxc3 20. dxe6 Nd4 21. exf7+
Kxf7 22. Qc4+ e6 23. Nxd4 Rc8 24. Qa4 Qf6 25. Nb5 Bb4 26. Nd6+ Bxd6 27. Rxd6 Re7
28. Qxa5 Rc2 29. Qb6 Rb2 30. Qe3 Rc7 31. Bh3 Re7 32. Re1 Kg7 33. Rxe6 Rxe6 34.
Bxe6 b5 35. Bd5 b4 36. Qe7+ Qxe7 37. Rxe7+ Kf6 38. Rxh7 Ke5 39. Bf3 b3 40. Rb7
Rb1+ 41. Kg2 b2 42. h4 Kd4 43. h5 gxh5 44. Bxh5 Kc3 45. Bg6 Re1 46. g4 Re6 47.
Bf5 Re5 48. f4 Re2+ 49. Kg3 Re1 50. Kh4 Rf1 51. Kg5 Rf2 52. Bg6 Kd4 53. f5 Ke5
54. Rb5+ Kd4 55. f6 Kc4 56. Rb8 Kc3 57. f7 1-0

[Event "Titled Tue 1st Jul Late"]
[Site "chess.com INT"]
[Date "2025.07.01"]
[Round "11"]
[White "Tang, Zoey"]
[Black "Deng, Henry"]
[Result "1/2-1/2"]
[WhiteTitle "FM"]
[BlackTitle "FM"]
[WhiteElo "2356"]
[BlackElo "2327"]
[WhiteFideId "30952530"]
[BlackFideId "30965454"]
[EventDate "2025.07.01"]

1. e4 Nc6 2. Nf3 d6 3. d4 Nf6 4. Nc3 Bg4 5. Be2 Bxf3 6. Bxf3 e5 7. Ne2 exd4 8.
Nxd4 Ne5 9. O-O g6 10. g3 Nxf3+ 11. Qxf3 Bg7 12. Qd3 O-O 13. c3 Re8 14. Bg5 h6
15. Bxf6 Qxf6 16. f4 a6 17. Rae1 Rad8 18. Qc4 Qe7 19. f5 d5 20. exd5 Qd6 21.
fxg6 fxg6 22. Ne6 Qxd5 23. Qxd5 Rxd5 24. Nxc7 Rxe1 25. Nxd5 Re5 26. Nf4 g5 27.
Nh5 Bf8 28. Nf6+ Kg7 29. Nd7 Bc5+ 30. Nxc5 Rxc5 31. Rd1 b5 32. Rd6 a5 33. Kf2 b4
34. cxb4 Rc2+ 35. Kf3 axb4 36. b3 Rxa2 37. Rb6 Rxh2 38. Rxb4 Rb2 39. Rb6 h5 40.
b4 Rb3+ 41. Kg2 Rb2+ 42. Kf3 Rb3+ 43. Kg2 Rb2+ 44. Kf3 1/2-1/2

[Event "Titled Tue 1st Jul Late"]
[Site "chess.com INT"]
[Date "2025.07.01"]
[Round "11"]
[White "Watanabe, Akira"]
[Black "Hilwerda, Jonas"]
[Result "1-0"]
[WhiteTitle "FM"]
[BlackTitle "FM"]
[WhiteElo "2284"]
[BlackElo "2254"]
[WhiteFideId "7000227"]
[BlackFideId "1046713"]
[EventDate "2025.07.01"]

1. d4 Nf6 2. c4 g6 3. Nc3 Bg7 4. e4 d6 5. Nf3 O-O 6. Be2 e5 7. O-O Nc6 8. d5 Ne7
9. Nd2 c5 10. Rb1 Ne8 11. b4 cxb4 12. Rxb4 f5 13. Rb1 h5 14. exf5 Nxf5 15. Nde4
Nd4 16. Bd3 b6 17. Bg5 Qd7 18. Qa4 Qxa4 19. Nxa4 Bf5 20. f3 Nf6 21. Nac3 Nxe4
22. Nxe4 Bxe4 23. Bxe4 Kh7 24. Be7 Rfc8 25. Bxd6 Rxc4 26. Rfe1 Rd8 27. Be7 Rd7
28. d6 Nf5 29. Bd5 Rd4 30. Be6 R7xd6 31. Bxf5 gxf5 32. Bxd6 Rxd6 33. Rbd1 Rc6
34. Rc1 1-0

[Event "Titled Tue 1st Jul Late"]
[Site "chess.com INT"]
[Date "2025.07.01"]
[Round "11"]
[White "Rustemov, Alexander"]
[Black "Dzida, Kamil"]
[Result "1-0"]
[WhiteTitle "GM"]
[BlackTitle "IM"]
[WhiteElo "2525"]
[BlackElo "2411"]
[WhiteFideId "4119002"]
[BlackFideId "21828652"]
[EventDate "2025.07.01"]

1. d4 Nf6 2. c4 e6 3. Nf3 d5 4. Nc3 Bb4 5. Bg5 h6 6. Bxf6 Qxf6 7. e3 O-O 8. Qb3
c5 9. cxd5 exd5 10. dxc5 Bxc3+ 11. Qxc3 Qxc3+ 12. bxc3 Be6 13. Bb5 Rc8 14. Nd4
Rxc5 15. Kd2 Bd7 16. a4 Bxb5 17. axb5 Nd7 18. Ra2 a6 19. Rha1 Rac8 20. bxa6 bxa6
21. Ne2 Nb8 22. Rb1 a5 23. Rb7 Nc6 24. h3 Ne5 25. Ra7 Nc4+ 26. Ke1 Rb5 27. Nd4
Rb1+ 28. Ke2 Rg1 29. Kf3 Re8 30. Kg3 Rc1 31. Ne2 Re1 32. Rd7 Re5 33. h4 g5 34.
h5 f5 35. Nd4 Nd2 36. Rb2 Ne4+ 37. Kh2 Rf1 38. Rb8+ 1-0

[Event "Titled Tue 1st Jul Late"]
[Site "chess.com INT"]
[Date "2025.07.01"]
[Round "11"]
[White "Bagheri, Maziar"]
[Black "Oksendal, Martin"]
[Result "1-0"]
[WhiteTitle "FM"]
[BlackTitle "FM"]
[WhiteElo "2287"]
[BlackElo "2235"]
[WhiteFideId "12530913"]
[BlackFideId "1554107"]
[EventDate "2025.07.01"]

1. e4 e5 2. Nf3 Nc6 3. Bb5 a6 4. Ba4 Nf6 5. O-O Be7 6. d3 b5 7. Bb3 O-O 8. Re1
d6 9. a4 Bg4 10. c3 Na5 11. Bc2 c5 12. Nbd2 Nc6 13. Nf1 h6 14. h3 Be6 15. Ng3 d5
16. exd5 Nxd5 17. Nxe5 Nxe5 18. Rxe5 Bd6 19. Re1 Qh4 20. Re4 Qd8 21. Nh5 Bf5 22.
Re1 Qh4 23. Qf3 Rae8 24. Bxh6 Bg6 25. Qxd5 Qxh5 26. Qxd6 Qxh6 27. axb5 Qd2 28.
Rxe8 Rxe8 29. bxa6 Be4 30. Rd1 Qxc2 31. dxe4 Qa4 32. Qd7 Qxe4 33. a7 Ra8 34. Qc7
Kh7 35. Qb8 c4 36. Rd4 Qe1+ 37. Kh2 Qe8 38. Qxe8 Rxe8 39. Rxc4 Ra8 40. Ra4 f5
41. b4 f4 42. b5 f3 43. b6 fxg2 44. b7 1-0

[Event "Titled Tue 1st Jul Late"]
[Site "chess.com INT"]
[Date "2025.07.01"]
[Round "11"]
[White "Rustamov, Rustam"]
[Black "Williams, Justus"]
[Result "0-1"]
[WhiteTitle "FM"]
[BlackTitle "IM"]
[WhiteElo "2334"]
[BlackElo "2355"]
[WhiteFideId "13440110"]
[BlackFideId "2049929"]
[EventDate "2025.07.01"]

1. e4 c5 2. Nf3 d6 3. d4 cxd4 4. Nxd4 Nf6 5. Nc3 a6 6. a3 e5 7. Nf5 d5 8. Bg5 d4
9. Bxf6 Qxf6 10. Nd5 Qd8 11. c4 g6 12. Nxd4 exd4 13. Qxd4 f6 14. Rd1 Nd7 15. b4
Bg7 16. c5 O-O 17. Bc4 Kh8 18. f4 Re8 19. O-O Nf8 20. Qb2 Bg4 21. Rd2 Rxe4 22.
Nb6 Qe8 23. Bd5 f5 24. Qc2 Rd8 25. h3 Be2 26. Re1 Bd3 27. Rxd3 Rxe1+ 28. Kh2 Qe7
29. Nc4 Re2 30. Qd1 Rxd5 31. Rxd5 Qe4 32. Qf1 Qxc4 33. Rd2 Re4 34. Qxc4 Rxc4 35.
Rd8 Rc3 36. Rb8 Rxa3 37. Rxb7 Kg8 38. g4 Bd4 39. Rb6 Rb3 40. Kg2 Bxc5 41. bxc5
Rxb6 42. cxb6 Nd7 43. b7 Kf7 0-1

[Event "Titled Tue 1st Jul Late"]
[Site "chess.com INT"]
[Date "2025.07.01"]
[Round "11"]
[White "Jagirapu, Harshin Reddy"]
[Black "Steinberg, Nitzan"]
[Result "0-1"]
[BlackTitle "GM"]
[WhiteElo "2042"]
[BlackElo "2554"]
[WhiteFideId "39910679"]
[BlackFideId "2801795"]
[EventDate "2025.07.01"]

1. d4 Nf6 2. Nf3 g6 3. e3 Bg7 4. Nbd2 O-O 5. Bd3 d6 6. O-O Nbd7 7. c4 e5 8. dxe5
dxe5 9. Ne4 Nxe4 10. Bxe4 Qe7 11. Bc2 Rd8 12. Qe2 e4 13. Nd4 Nc5 14. b3 Nd3 15.
Bxd3 exd3 16. Qxd3 c5 17. Ba3 Qg5 18. Nf3 Rxd3 19. Nxg5 Bxa1 20. Rxa1 b6 21. Ne4
Bb7 22. Nf6+ Kf8 23. Bb2 h5 24. Kf1 Rad8 25. Nh7+ Ke8 26. Nf6+ Ke7 27. Nh7 Rd1+
28. Rxd1 Rxd1+ 29. Ke2 Rh1 30. h4 Bxg2 31. Bf6+ Kd7 32. Bg5 Ra1 33. Nf6+ Ke6 34.
a4 Rb1 35. Ne8 Rxb3 36. Nc7+ Kd7 37. Bf4 Be4 38. Nb5 Bd3+ 39. Kf3 Bxc4 40. Nxa7
Ra3 41. Nb5 0-1

[Event "Titled Tue 1st Jul Late"]
[Site "chess.com INT"]
[Date "2025.07.01"]
[Round "11"]
[White "Guerrero Cataldo, Juan Andres"]
[Black "Hernandez Bermudez, Ulises Eduardo"]
[Result "1-0"]
[WhiteTitle "CM"]
[WhiteElo "2082"]
[BlackElo "2042"]
[WhiteFideId "3421260"]
[BlackFideId "3902510"]
[EventDate "2025.07.01"]

1. e4 e5 2. Nf3 Nf6 3. d4 Nxe4 4. Bd3 d5 5. dxe5 Nc6 6. O-O Nc5 7. Be2 Bf5 8. b4
Nxb4 9. Nd4 Be6 10. Ba3 Nba6 11. Bxa6 Nxa6 12. Bxf8 Kxf8 13. Qf3 Qe7 14. Nc3 c6
15. Rfe1 Nc5 16. Qe3 h5 17. f4 g6 18. Rf1 Bf5 19. Nxf5 gxf5 20. Qh3 Qe6 21. Ne2
Qg6 22. Nd4 Rg8 23. Nxf5 Ne4 24. Rab1 b6 25. c4 Nd2 26. cxd5 c5 27. Rbe1 Nxf1
28. Rxf1 Qg4 29. Qxg4 Rxg4 30. g3 Rd8 31. Rd1 b5 32. Kg2 Rg6 33. Kf3 Ra6 34. Rd2
Ra3+ 35. Ke4 Rc3 36. Ne3 a5 37. d6 b4 38. f5 a4 39. e6 Ke8 40. d7+ Ke7 41. Nd5+
Kd6 42. Nxc3+ Kc7 43. Nd5+ Kd6 44. e7 1-0

[Event "Titled Tue 1st Jul Late"]
[Site "chess.com INT"]
[Date "2025.07.01"]
[Round "11"]
[White "Burovic, Rijad"]
[Black "Baker, Aidan"]
[Result "0-1"]
[WhiteTitle "IM"]
[WhiteElo "2420"]
[BlackElo "2130"]
[WhiteFideId "14407701"]
[BlackFideId "30981565"]
[EventDate "2025.07.01"]

1. e4 c5 2. d3 d6 3. g3 Nc6 4. Bg2 g6 5. f4 Bg7 6. Nf3 e6 7. O-O Nge7 8. c3 O-O
9. Be3 f5 10. Re1 b6 11. Na3 Bb7 12. exf5 gxf5 13. d4 cxd4 14. Nxd4 Nxd4 15.
Bxb7 Rb8 16. Bxd4 Bxd4+ 17. Qxd4 Rxb7 18. Rxe6 Rd7 19. Rae1 Nc8 20. Nc4 d5 21.
Ne5 Rg7 22. Rd1 Ne7 23. c4 Qc8 24. cxd5 Rd8 25. d6 Qxe6 26. Qa4 Nc8 27. d7 Ne7
28. Qxa7 Ng6 29. Qc7 Qe7 30. Nc6 Qc5+ 31. Kf1 Qc4+ 32. Ke1 Qe4+ 33. Kf2 Qc2+ 0-1

[Event "Titled Tue 1st Jul Late"]
[Site "chess.com INT"]
[Date "2025.07.01"]
[Round "11"]
[White "Harriott, Tyrell"]
[Black "Li, Xueyi"]
[Result "1-0"]
[BlackTitle "WGM"]
[WhiteElo "1924"]
[BlackElo "2220"]
[WhiteFideId "2086484"]
[BlackFideId "8605912"]
[EventDate "2025.07.01"]

1. d4 d5 2. e3 c6 3. Bd3 Nf6 4. f4 Bg4 5. Ne2 e6 6. Nd2 Be7 7. Rf1 Nbd7 8. Kf2
Bf5 9. Kg1 Ne4 10. Bxe4 Bxe4 11. Ng3 Bg6 12. f5 exf5 13. Nxf5 Bxf5 14. Rxf5 O-O
15. Qf3 Nf6 16. Qh3 Qc8 17. Qf3 Re8 18. Nf1 c5 19. c3 cxd4 20. exd4 h6 21. Bxh6
gxh6 22. Rxf6 Bxf6 23. Qxf6 Qe6 24. Qf4 Qg6 25. Ng3 1-0

[Event "Titled Tue 1st Jul Late"]
[Site "chess.com INT"]
[Date "2025.07.01"]
[Round "11"]
[White "Graif, William"]
[Black "Fadi, Marko"]
[Result "0-1"]
[WhiteTitle "FM"]
[BlackTitle "FM"]
[WhiteElo "2211"]
[BlackElo "2298"]
[WhiteFideId "2609835"]
[BlackFideId "10605371"]
[EventDate "2025.07.01"]

1. e4 e5 2. Nf3 Nc6 3. d4 exd4 4. c3 d5 5. Bd3 Nf6 6. e5 Ne4 7. O-O dxc3 8. Nxc3
Nxc3 9. bxc3 Be7 10. Rb1 O-O 11. h3 Rb8 12. Re1 Be6 13. Nd4 Nxd4 14. cxd4 Qd7
15. Qc2 g6 16. f4 Rfc8 17. g4 Bh4 18. Rf1 f5 19. exf6 Bxf6 20. f5 Bxd4+ 21. Kh1
gxf5 22. gxf5 Bf7 23. Bb2 c5 24. Qg2+ Kh8 25. Rg1 Rg8 26. Qf2 Bxb2 27. Qxb2+ d4
28. Qd2 Bd5+ 29. Kh2 Qd6+ 0-1

[Event "Titled Tue 1st Jul Late"]
[Site "chess.com INT"]
[Date "2025.07.01"]
[Round "11"]
[White "Slovineanu, Viacheslav"]
[Black "Alvir, Aco"]
[Result "0-1"]
[WhiteTitle "IM"]
[BlackTitle "IM"]
[WhiteElo "2412"]
[BlackElo "2239"]
[WhiteFideId "13900510"]
[BlackFideId "14400367"]
[EventDate "2025.07.01"]

1. d4 Nf6 2. Nf3 g6 3. Nbd2 Bg7 4. e4 O-O 5. e5 Ne8 6. h4 d6 7. h5 Nc6 8. hxg6
hxg6 9. c3 dxe5 10. dxe5 Bg4 11. Qa4 Qd7 12. Bb5 Rd8 13. Bxc6 bxc6 14. Rh4 Bxf3
15. Nxf3 Qf5 16. Bh6 Rd3 17. Qxc6 Bxh6 18. Rxh6 Ng7 19. Rh4 Rfd8 20. Rd4 R8xd4
21. cxd4 Ne6 22. Qe8+ Kg7 23. Qxe7 Nxd4 24. Qf6+ Qxf6 25. exf6+ Kxf6 26. Nxd4
Rxd4 27. Rc1 Rd7 28. Ke2 Ke5 29. Ke3 g5 30. Rc5+ Kf6 31. g4 Re7+ 32. Kf3 Rd7 33.
b4 Rd3+ 34. Ke4 Rd2 35. a4 Rxf2 36. Rxc7 Rf4+ 37. Kd5 Rxb4 38. Rxa7 Rxg4 39. a5
Ra4 40. Kc5 Kg6 41. Kb5 Ra1 42. a6 g4 43. Ra8 Kf5 44. Rg8 Kf4 45. Kb6 f5 46. a7
Kg3 47. Rg5 Rxa7 48. Kxa7 f4 0-1

[Event "Titled Tue 1st Jul Late"]
[Site "chess.com INT"]
[Date "2025.07.01"]
[Round "11"]
[White "Guliev, Gasan"]
[Black "Chakrabarti, Brejesh"]
[Result "0-1"]
[WhiteTitle "CM"]
[BlackTitle "FM"]
[WhiteElo "2123"]
[BlackElo "2282"]
[WhiteFideId "34165638"]
[BlackFideId "30969280"]
[EventDate "2025.07.01"]

1. e4 c5 2. Nf3 Nc6 3. Bb5 g6 4. O-O Bg7 5. Re1 Qb6 6. Bxc6 Qxc6 7. Nc3 d6 8. d4
cxd4 9. Nxd4 Qd7 10. Bg5 h6 11. Be3 Nf6 12. f3 O-O 13. Qd2 Kh7 14. Rad1 a6 15.
Nb3 Qc7 16. Bd4 Be6 17. g3 b5 18. Kg2 Rfc8 19. a3 Rab8 20. e5 Ne8 21. exd6 Nxd6
22. Bxg7 Kxg7 23. Rxe6 fxe6 24. Nd4 Qc4 25. Re1 Nf5 26. Nxe6+ Kh7 27. Re4 Qc6
28. g4 Nd6 29. Rd4 Nc4 30. Qe2 Rb6 31. Nf4 e5 32. Qd3 exd4 33. Ne4 Ne3+ 0-1

[Event "Titled Tue 1st Jul Late"]
[Site "chess.com INT"]
[Date "2025.07.01"]
[Round "11"]
[White "Vetokhin, Savva"]
[Black "Plichta, Kamil"]
[Result "1-0"]
[WhiteTitle "GM"]
[BlackTitle "FM"]
[WhiteElo "2570"]
[BlackElo "2361"]
[WhiteFideId "44144474"]
[BlackFideId "1141830"]
[EventDate "2025.07.01"]

1. d4 g6 2. c4 Bg7 3. Nc3 c5 4. dxc5 Bxc3+ 5. bxc3 Nf6 6. Nf3 Qa5 7. Bd2 Qxc5 8.
g3 d6 9. Bg2 Qxc4 10. O-O O-O 11. Nd4 Nc6 12. Bh6 Rd8 13. Bg5 Nxd4 14. cxd4 d5
15. Rc1 Qxa2 16. Rc7 Rd7 17. Rc2 Qa6 18. Qc1 Rd8 19. Rc7 Re8 20. Qf4 Bf5 21.
Rfc1 Qe6 22. Rxb7 a5 23. Bxf6 exf6 24. Rcc7 Qxe2 25. h4 Be6 26. Qxf6 Rf8 27. Bf3
Qe1+ 28. Kg2 a4 29. h5 gxh5 30. Qg5+ Kh8 31. Rc1 Qa5 32. Rh1 1-0

[Event "Titled Tue 1st Jul Late"]
[Site "chess.com INT"]
[Date "2025.07.01"]
[Round "11"]
[White "Budzisz, Adrian"]
[Black "Lisenkov, Svyatoslav"]
[Result "0-1"]
[WhiteTitle "CM"]
[BlackTitle "CM"]
[WhiteElo "2100"]
[BlackElo "2283"]
[WhiteFideId "21860238"]
[BlackFideId "34264183"]
[EventDate "2025.07.01"]

1. Nf3 Nf6 2. g3 g6 3. Bg2 Bg7 4. O-O O-O 5. d3 d6 6. e4 e5 7. h3 Nc6 8. Ne1 a5
9. Nc3 Nd4 10. f4 Nh5 11. Kh2 exf4 12. gxf4 Qh4 13. Ne2 Nxe2 14. Qxe2 Ng3 15.
Nf3 Nxf1+ 16. Qxf1 Qe7 17. c3 f5 18. e5 dxe5 19. fxe5 Be6 20. d4 c5 21. Ng5 cxd4
22. cxd4 Rad8 23. Nxe6 Qxe6 24. Be3 f4 25. Bf2 f3 26. Bh1 Rxd4 27. Bxd4 Bxe5+
28. Bxe5 Qxe5+ 29. Kg1 Qg3+ 30. Bg2 fxg2 31. Qxg2 Qe3+ 32. Kh1 Rf2 33. Qd5+ Kg7
34. Qd7+ Kh6 35. Qg4 Rf4 0-1

[Event "Titled Tue 1st Jul Late"]
[Site "chess.com INT"]
[Date "2025.07.01"]
[Round "11"]
[White "Vila Dupla, Aurelio"]
[Black "Tang, Austin"]
[Result "0-1"]
[WhiteTitle "FM"]
[WhiteElo "2056"]
[BlackElo "1979"]
[WhiteFideId "2203383"]
[BlackFideId "30964580"]
[EventDate "2025.07.01"]

1. Nf3 Nf6 2. d4 g6 3. g3 Bg7 4. Bg2 O-O 5. O-O d6 6. c4 Nbd7 7. Nc3 e5 8. h3
exd4 9. Nxd4 a5 10. b3 Nc5 11. Bb2 Bd7 12. e3 Qc8 13. Kh2 Rb8 14. Qc2 h5 15.
Nde2 Re8 16. Nf4 Bf5 17. Qd2 Qd7 18. Ncd5 Nxd5 19. Nxd5 Re6 20. Bxg7 Kxg7 21.
Qd4+ f6 22. Rad1 Qf7 23. g4 hxg4 24. hxg4 Rh8+ 25. Kg3 Ne4+ 26. Kf3 g5 27. Rh1
Bxg4+ 28. Kxg4 Nxf2+ 29. Kf3 Nxh1 30. Rxh1 Rxh1 31. Bxh1 Qh5+ 32. Kg2 Qe2+ 33.
Kg1 c6 34. Nc7 Rxe3 35. Ne8+ Kf8 36. Qxd6+ Kxe8 37. Qb8+ Kf7 38. Qxb7+ Kg6 39.
Qd7 Rg3+ 0-1

[Event "Titled Tue 1st Jul Late"]
[Site "chess.com INT"]
[Date "2025.07.01"]
[Round "11"]
[White "Jakovljevic, Dejan"]
[Black "Borges, Wagner da Silva"]
[Result "0-1"]
[WhiteTitle "CM"]
[BlackTitle "CM"]
[WhiteElo "1956"]
[BlackElo "2062"]
[WhiteFideId "949418"]
[BlackFideId "2100401"]
[EventDate "2025.07.01"]

1. e4 e6 2. d4 d5 3. e5 c5 4. c3 Nc6 5. Nf3 Be7 6. a3 f6 7. b4 b6 8. Bb5 Bd7 9.
Qe2 f5 10. O-O Qc8 11. c4 dxc4 12. Bxc4 Nxd4 13. Nxd4 cxd4 14. Bb2 Nh6 15. Bxd4
O-O 16. Nd2 Qb7 17. Rac1 a6 18. h3 Nf7 19. Rfd1 Rfd8 20. Nf3 b5 21. Bb3 Re8 22.
Bc5 Bd8 23. Qa2 Bc8 24. Nd4 Nxe5 25. Nxe6 Bxe6 26. Bxe6+ Kh8 27. Bd5 Qb8 28.
Bxa8 Qxa8 29. Re1 Bg5 30. Rcd1 Bf6 31. Kh1 f4 32. Qd5 f3 33. Qxa8 Rxa8 34. Re3
fxg2+ 35. Kxg2 Ng6 36. Rd7 h5 37. Rg3 Nf4+ 38. Kf1 Ne6 0-1

[Event "Titled Tue 1st Jul Late"]
[Site "chess.com INT"]
[Date "2025.07.01"]
[Round "11"]
[White "Pribelszky, Bence"]
[Black "Rosen, Eric"]
[Result "1-0"]
[WhiteTitle "IM"]
[BlackTitle "IM"]
[WhiteElo "2396"]
[BlackElo "2377"]
[WhiteFideId "769738"]
[BlackFideId "2032562"]
[EventDate "2025.07.01"]

1. c4 e6 2. d4 d5 3. Nc3 Nf6 4. cxd5 exd5 5. Nf3 c6 6. Bf4 Bd6 7. Bxd6 Qxd6 8.
e3 O-O 9. Bd3 Re8 10. O-O Nbd7 11. a3 a5 12. Rc1 b5 13. Ne2 a4 14. Qc2 Bb7 15.
Ng3 Nb6 16. Nf5 Qf8 17. Ne5 Nc4 18. Bxc4 dxc4 19. Qd1 c5 20. Ng4 Ra6 21. Ng3
Nxg4 22. Qxg4 Rg6 23. Qf4 cxd4 24. Qxd4 Rd8 25. Qa7 Bc6 26. Rfd1 h5 27. Qc7 Rgd6
28. Rxd6 Qxd6 29. Qxd6 Rxd6 30. Nf5 Rd7 31. f3 g6 32. Nd4 Rd6 33. Kf2 Bd7 34.
Ke2 h4 35. Rd1 Kf8 36. Nc2 Ke7 37. Rd4 g5 38. g3 h3 39. Kd2 f6 40. Kc3 Bc6 41.
Rxd6 Kxd6 42. Nd4 1-0